000 00331nam a2200133Ia 4500
005 20251222143257.0
008 251222s9999||||xx |||||||||||||| ||spa||
082 _a241.1/G51/Ej2
100 _aGiussani, Luigi
245 0 _aLa Conciencia Religiosa en el Hombre Moderno
250 _a2a.ed.
264 _bEncuentro
942 _cLIB
999 _c15186
_d15186